Normal view
MARC view
- Supervisor Dr. Ahmad Rauf Subhani Co-Supervisor Dr. Naeem Ul Islam
Entry Corporate Name
001 - CONTROL NUMBER
- control field: 119609
003 - CONTROL NUMBER IDENTIFIER
- control field: NUST
005 - DATE AND TIME OF LATEST TRANSACTION
- control field: 20231211100910.0
008 - FIXED-LENGTH DATA ELEMENTS
- fixed length control field: 231211|| aca||aabn | a|a d
040 ## - CATALOGING SOURCE
- Original cataloging agency: NUST
- Transcribing agency: NUST
110 ## - HEADING--CORPORATE NAME
- Corporate name or jurisdiction name as entry element: Supervisor Dr. Ahmad Rauf Subhani Co-Supervisor Dr. Naeem Ul Islam
670 ## - SOURCE DATA FOUND
- Source citation: Work cat.: (NUST): Muahmmad Arhum Mobin Bakhat Baidar Hussnain Muhammad Bin Khalid Talha Farooq 119608, PR-SOF-2259-Speed Detection and ANPR Using Drone, 2023.
